00952nam a22002417a 450000500170000001000130001702000100003003500130004003700170005304000130007008200130008324501000009626000440019627000400024030000200028050000210030065000550032165000750037670000330045194200220048499900190050695201850052520170124110253.0 aA-607224 c00.00 aA-607224 bCen Lib/Ret  aDPLbEN  a378bHIG aHigher education in the eighties : opportunities and objectives /cedited by J. Veera Raghavan  aNew Delhi bLancer International c1985 aPost bag no. -2bNew Delhi e110017 a286p.c21cm(Hb) aIncludes index  a Education, Higher -- India -- Congresses. 974193 a Education, Higher -- India -- Congresses. Education, Higher. 9100877 aRaghavan, J. Veera 9100878 2ddccENh378mHIG c136047d136047 04104070aLbLd2015-10-13eCen Lib/Retg0.00l0o378 HIGpA-607224r2015-10-13 00:00:00t1v0.00w2015-10-13yENzWritten off on approval by DLB (By Circulation); dtd 15-06-2023